000 01030nam a22002657a 4500
001 8917
003 FISKH
005 20251031125043.0
008 251031b cb ||||| |||| 00| 0 eng d
020 _a9781730118265
040 _aFISKH
_beng
_cFISKH
_dFISKH
050 _aPZ7
082 _a553.7
100 _aChawla, Anuj
_eAuthor
245 _aWater :
_bKnow about science /
_cComplied by Anuj Chawla
260 _aNew Delhi :
_bDreamland ,
_c2009
300 _a64 pages :
_bcolor illustrations ;
_c29 cm
505 _aR
520 _aThis book is another series of "Knowing about science" and is a good guide to learning more about water in an interesting manner. Its unique combination of pictures and words encourages children to discover and explore the facts related to water. A quick glance into the book reveals that it deals with several important aspects of water.
521 8 _a700
_bLexile estimate
521 8 _aR
_bRaz-Plus
650 _aScience
_vWater
942 _2ddc
_cBK
_n0
999 _c8917
_d8917